<?xml version="1.0" encoding="UTF-8"?><marc:collection xmlns:marc="http://www.loc.gov/MARC21/slim">
  <marc:record>
    <marc:leader>00000nas  2200000za 4500</marc:leader>
    <marc:controlfield tag="001">9.502917</marc:controlfield>
    <marc:controlfield tag="003">CaOODSP</marc:controlfield>
    <marc:controlfield tag="005">20200331213935</marc:controlfield>
    <marc:controlfield tag="007">cr |||||||||||</marc:controlfield>
    <marc:controlfield tag="008">150406d19981998xxc|| m o||||f|   |0fre|d</marc:controlfield>
    <marc:datafield tag="040" ind1=" " ind2=" ">
      <marc:subfield code="a">CaOODSP</marc:subfield>
      <marc:subfield code="b">fre</marc:subfield>
    </marc:datafield>
    <marc:datafield tag="043" ind1=" " ind2=" ">
      <marc:subfield code="a">n-cn---</marc:subfield>
    </marc:datafield>
    <marc:datafield tag="086" ind1="1" ind2=" ">
      <marc:subfield code="a">C21-27/2F-PDF</marc:subfield>
    </marc:datafield>
    <marc:datafield tag="110" ind1="1" ind2=" ">
      <marc:subfield code="a">Canada. </marc:subfield>
      <marc:subfield code="b">Industrie Canada. </marc:subfield>
      <marc:subfield code="b">Direction générale de l'analyse de la politique micro-économique.</marc:subfield>
    </marc:datafield>
    <marc:datafield tag="245" ind1="1" ind2="3">
      <marc:subfield code="a">Le Canada au 21e siècle. II, Ressources et technologie </marc:subfield>
      <marc:subfield code="h">[ressource électronique]</marc:subfield>
    </marc:datafield>
    <marc:datafield tag="260" ind1=" " ind2=" ">
      <marc:subfield code="a">Ottawa - Ontario : </marc:subfield>
      <marc:subfield code="b">Industrie Canada. </marc:subfield>
    </marc:datafield>
    <marc:datafield tag="500" ind1=" " ind2=" ">
      <marc:subfield code="a">Données de catalogage avant publication (Canada) imprimées dans ces publications. «Afin d'explorer plus à fond les possibilités et les défis [...] à moyen et à long terme, la Direction de l'analyse de la politique micro-économique d'Industrie Canada a invité un groupe de spécialistes à présenter leur «vision» du Canada au 21e siècle dans un certain nombre de domaines importants [...]: d'abord, dégager les grandes tendances historiques en vue d'élaborer des scénarios illustrant comment les choses évolueront vraisemblablement au cours des dix à quinze prochaines années dans le domaine qui lui avait été assigné, puis examiner les conséquences à moyen terme de cette évolution pour l'économie canadienne.»--Page i.</marc:subfield>
    </marc:datafield>
    <marc:datafield tag="775" ind1="0" ind2="8">
      <marc:subfield code="t">Canada in the 21st century. II, Resources and technology </marc:subfield>
      <marc:subfield code="w">(CaOODSP)9.506523</marc:subfield>
    </marc:datafield>
    <marc:datafield tag="776" ind1="0" ind2="#">
      <marc:subfield code="t">Le Canada au XXIe siècle. II, Ressources et technologie </marc:subfield>
      <marc:subfield code="w">(CaOODSP)9.509061</marc:subfield>
    </marc:datafield>
    <marc:datafield tag="776" ind1="0" ind2="#">
      <marc:subfield code="t">Canada in the XXIst century. II, Resources and technology </marc:subfield>
      <marc:subfield code="w">(CaOODSP)9.509064</marc:subfield>
    </marc:datafield>
    <marc:datafield tag="776" ind1="0" ind2="#">
      <marc:subfield code="t">Le Canada au XXIe siècle. II, Ressources et technologie </marc:subfield>
      <marc:subfield code="w">(CaOODSP)9.509065</marc:subfield>
    </marc:datafield>
    <marc:datafield tag="776" ind1="0" ind2="#">
      <marc:subfield code="t">Canada in the XXIst century. II, Resources and technology </marc:subfield>
      <marc:subfield code="w">(CaOODSP)9.509060</marc:subfield>
    </marc:datafield>
  </marc:record>
</marc:collection>
